[Event "Port de Pollenca"]
[Site "Port de Pollenca"]
[Date "2018.03.24"]
[Round "9"]
[White "Mueller, Reinhard"]
[Black "Vedder, Richard"]
[Result "1/2-1/2"]
[WhiteElo "2133"]
[BlackElo "2288"]
[PlyCount "102"]
[EventDate "2018.03.19"]
[EventType "tourn"]
[EventRounds "9"]
[EventCountry "ESP"]
[EventCategory "2"]
[SourceTitle "CBM 183 Extra"]
[Source "ChessBase"]
[SourceDate "2018.04.19"]
[SourceVersion "1"]
[SourceVersionDate "2018.04.19"]
[SourceQuality "1"]

1. d4 g6 2. e4 Bg7 3. Nc3 c6 4. Nf3 d5 5. h3 dxe4 6. Nxe4 Nd7 7. Bc4 Ngf6 8. Qe2 Nxe4 9. Qxe4 0-0 10. 0-0 Nf6 11. Qh4 Bf5 12. c3 Be4 13. Ne5 Bd5 14. Bh6 Ne4 15. Bxg7 Kxg7 16. Bxd5 cxd5 17. Rfe1 Nd6 18. Nd3 e6 19. Qf4 Nf5 20. Re2 h5 21. Rae1 Rc8 22. Nc5 b6 23. Nd3 g5 24. Qe5+ Qf6 25. Qxf6+ Kxf6 26. Ne5 Rg8 27. g3 Nd6 28. Re3 Ke7 29. Kg2 Nc4 30. R3e2 Nxe5 31. Rxe5 Kd7 32. R1e3 b5 33. Rf3 f5 34. g4 f4 35. gxh5 Rcf8 36. c4 bxc4 37. Ra3 f3+ 38. Kg3 Rf4 39. Rxa7+ Kd6 40. Ra6+ Kd7 41. Rexe6 Rxd4 42. Rh6 Kc7 43. a4 Rd1 44. a5 Rb1 45. Rhb6 Rg1+ 46. Kxf3 Rf8+ 47. Ke3 Rf4 48. Ra7+ Kc8 49. Ra8+ Kc7 50. Ra7+ Kc8 51. Ra8+ Kc7 1/2-1/2

[Event "Port de Pollenca"]
[Site "Port de Pollenca"]
[Date "2018.03.20"]
[Round "3"]
[White "Mueller, Reinhard"]
[Black "Gavilan Diaz, Mario"]
[Result "0-1"]
[WhiteElo "2133"]
[BlackElo "2273"]
[PlyCount "86"]
[EventDate "2018.03.19"]
[EventType "tourn"]
[EventRounds "9"]
[EventCountry "ESP"]
[EventCategory "2"]
[SourceTitle "CBM 183 Extra"]
[Source "ChessBase"]
[SourceDate "2018.04.19"]
[SourceVersion "1"]
[SourceVersionDate "2018.04.19"]
[SourceQuality "1"]

1. d4 c5 2. d5 e6 3. Nc3 d6 4. e4 Nf6 5. Nf3 Be7 6. Be2 0-0 7. 0-0 exd5 8. exd5 Na6 9. Bf4 Nc7 10. h3 Rb8 11. a4 b6 12. Re1 a6 13. Bd3 Re8 14. Bg5 h6 15. Bxf6 Bxf6 16. Rxe8+ Nxe8 17. Qe2 Nc7 18. Re1 Bb7 19. Qe4 g6 20. Qf4 Bg7 21. Bc4 Qd7 22. Ne4 Rd8 23. Nf6+ Bxf6 24. Qxf6 Re8 25. Rxe8+ Nxe8 26. Qf4 Qxa4 27. b3 Qa1+ 28. Kh2 b5 29. Qe3 Kf8 30. c3 bxc4 31. Qxh6+ Kg8 32. Qe3 Nf6 33. bxc4 Qa4 34. Qe7 Bxd5 35. cxd5 Qf4+ 36. Kg1 Nxd5 37. Qb7 Nxc3 38. Qxa6 c4 39. Qa5 Ne2+ 40. Kf1 Nd4 41. Qa8+ Kh7 42. Ne1 Qe5 43. Qf8 Qe2+ 0-1

[Event "GER-chT Betriebe 14th"]
[Site "Dresden"]
[Date "2014.11.20"]
[Round "1.4"]
[White "Mueller, Reinhard"]
[Black "Pilhoefer, Bernd"]
[Result "1-0"]
[WhiteElo "2129"]
[BlackElo "1547"]
[PlyCount "83"]
[EventDate "2014.11.20"]
[EventType "team-swiss"]
[EventRounds "7"]
[EventCountry "GER"]
[SourceTitle "EXT 2020"]
[Source "ChessBase"]
[SourceDate "2019.10.17"]
[SourceVersion "1"]
[SourceVersionDate "2019.10.17"]
[SourceQuality "1"]
[WhiteTeam "Berlin President"]
[BlackTeam "Augsburg Osram"]
[WhiteTeamCountry "GER"]
[BlackTeamCountry "GER"]

1. e4 e5 2. Nf3 Nf6 3. Nc3 d6 4. d4 exd4 5. Nxd4 Be7 6. Bc4 a6 7. a4 0-0 8. 0-0 c5 9. Nf3 Nc6 10. h3 Ne5 11. Nxe5 dxe5 12. Qe2 Qc7 13. Bg5 Be6 14. Bxf6 Bxf6 15. Bd5 Rad8 16. Ra3 Rd6 17. a5 Bd7 18. Rfa1 Be7 19. Rb3 Rb8 20. Qh5 Rf6 21. Bxb7 Be6 22. Bd5 Rxb3 23. cxb3 Qb8 24. Qe2 Qc8 25. Bxe6 Qxe6 26. Nd5 Rg6 27. Qf3 Bh4 28. Rd1 Qd6 29. Qf5 Re6 30. Qg4 Bd8 31. Rd3 Qb8 32. Ne3 Bxa5 33. Nf5 g6 34. Rd7 Qe8 35. Nh6+ Kh8 36. Nxf7+ Kg8 37. Nh6+ Kh8 38. Rb7 Bd8 39. Nf7+ Kg8 40. Nxd8 Re7 41. Rxe7 Qxe7 42. Qe6+ 1-0

[Event "Oberliga Nord O 1213"]
[Site "Germany"]
[Date "2012.11.11"]
[Round "2.6"]
[White "Jauk, Wilhelm"]
[Black "Mueller, Reinhard"]
[Result "0-1"]
[WhiteElo "2178"]
[BlackElo "2121"]
[PlyCount "66"]
[EventDate "2012.10.17"]
[EventType "team-tourn"]
[EventRounds "9"]
[EventCountry "GER"]
[SourceTitle "EXT 2015"]
[Source "ChessBase"]
[SourceDate "2014.11.20"]
[SourceVersion "1"]
[SourceVersionDate "2014.11.20"]
[SourceQuality "1"]
[WhiteTeam "Oberschoeneweide"]
[BlackTeam "Lasker Steglitz"]
[WhiteTeamCountry "GER"]
[BlackTeamCountry "GER"]

1. e4 e5 2. Bc4 Nc6 3. Nf3 g6 4. d3 Bg7 5. c3 Nge7 6. Bg5 h6 7. Bh4 d6 8. Nbd2 0-0 9. Qe2 Kh7 10. h3 Na5 11. g4 f6 12. Nb3 Nxc4 13. dxc4 b6 14. 0-0-0 Qe8 15. Nfd2 Ba6 16. Kb1 Qf7 17. Nc1 c6 18. Qe3 Rfd8 19. b3 d5 20. cxd5 cxd5 21. Nf3 dxe4 22. Qxe4 Nd5 23. Kb2 Bb7 24. Qe1 Rdc8 25. Ne2 Nxc3 26. Nxc3 Bxf3 27. Rg1 Bxd1 28. Nxd1 Rc6 29. Qe4 Rac8 30. Ne3 Qc7 31. Bg3 Rc1 32. Rh1 Qc3+ 33. Ka3 Bf8+ 0-1

[Event "Berlin-ch qualification"]
[Site "Berlin-Lichtenrade"]
[Date "2011.05.01"]
[Round "9.6"]
[White "Mueller, Reinhard"]
[Black "Jaeger, Andre"]
[Result "1-0"]
[WhiteElo "2075"]
[BlackElo "2042"]
[PlyCount "57"]
[EventDate "2011.04.23"]
[EventType "swiss"]
[EventRounds "9"]
[EventCountry "GER"]
[SourceTitle "EXT 2022"]
[Source "ChessBase"]
[SourceDate "2021.10.06"]
[SourceVersion "1"]
[SourceVersionDate "2021.10.06"]
[SourceQuality "1"]

1. e4 c5 2. c3 Nf6 3. e5 Nd5 4. d4 cxd4 5. Nf3 Nc6 6. cxd4 d6 7. Bc4 Nb6 8. Bb3 d5 9. Nh4 g6 10. Nc3 Bg7 11. 0-0 0-0 12. f4 e6 13. Nf3 Bd7 14. Qe2 Rc8 15. Nb5 a6 16. Nd6 Rc7 17. Qe1 Nc8 18. f5 Nxd6 19. exd6 Rc8 20. Bg5 Qb6 21. f6 Nxd4 22. Nxd4 Bh8 23. Qe5 Bb5 24. Be3 Qd8 25. Rf3 Bd3 26. Bh6 Bf5 27. Rxf5 exf5 28. Nxf5 Bxf6 29. Ne7+ 1-0

[Event "Berlin-ch qualification"]
[Site "Berlin-Lichtenrade"]
[Date "2011.04.29"]
[Round "7.13"]
[White "Mueller, Reinhard"]
[Black "Muratovic, Rafet"]
[Result "1-0"]
[WhiteElo "2075"]
[BlackElo "1871"]
[PlyCount "121"]
[EventDate "2011.04.23"]
[EventType "swiss"]
[EventRounds "9"]
[EventCountry "GER"]
[SourceTitle "EXT 2022"]
[Source "ChessBase"]
[SourceDate "2021.10.06"]
[SourceVersion "1"]
[SourceVersionDate "2021.10.06"]
[SourceQuality "1"]

1. e4 c5 2. Nf3 Nc6 3. d4 cxd4 4. Nxd4 g6 5. c4 Bg7 6. Be3 d6 7. Nc3 Nf6 8. f3 a6 9. Qd2 Bd7 10. Be2 Rc8 11. Nxc6 bxc6 12. 0-0 0-0 13. c5 dxc5 14. Bxa6 Ra8 15. Bc4 Qa5 16. Qf2 Qb4 17. Bb3 Ra5 18. Bd2 Qd4 19. Rfd1 Qxf2+ 20. Kxf2 Ra7 21. Be3 Ra5 22. e5 Nd5 23. Bxd5 cxd5 24. Rxd5 Be6 25. Rxc5 Rxc5 26. Bxc5 Bxe5 27. Bxe7 Rb8 28. Ba3 Bxc3 29. bxc3 Ra8 30. Bb4 Rxa2+ 31. Rxa2 Bxa2 32. Ke3 Bc4 33. Kd4 Bf1 34. g3 f6 35. c4 Kf7 36. Kd5 Bg2 37. Kd6 Bxf3 38. c5 Ke8 39. Bc3 f5 40. Ke6 Bc6 41. Kf6 Kf8 42. Be5 Bd7 43. Bd6+ Kg8 44. Ke7 Bc6 45. Bf4 Kg7 46. Kd6 Bb7 47. c6 Bc8 48. Ke7 h6 49. Be5+ Kh7 50. Kd8 Be6 51. c7 g5 52. c8Q Bxc8 53. Kxc8 h5 54. Kd7 Kg6 55. Ke6 f4 56. gxf4 gxf4 57. Bxf4 h4 58. Ke5 Kh5 59. Kf5 h3 60. Bg3 Kh6 61. Kg4 1-0

[Event "Berlin Christmas op 1st"]
[Site "Berlin"]
[Date "2004.??.??"]
[Round "3"]
[White "Haemmerlein, Thomas"]
[Black "Mueller, Reinhard"]
[Result "0-1"]
[WhiteElo "2186"]
[BlackElo "2023"]
[PlyCount "51"]
[EventDate "2004.12.??"]
[EventType "swiss"]
[EventRounds "7"]
[EventCountry "GER"]
[SourceTitle "EXT 2007"]
[Source "ChessBase"]
[SourceDate "2006.11.23"]
[SourceVersion "1"]
[SourceVersionDate "2006.11.23"]
[SourceQuality "1"]

1. d4 e6 2. Nf3 f5 3. g3 Nf6 4. Bg2 d5 5. 0-0 Bd6 6. c4 c6 7. Nc3 0-0 8. Ne5 Nbd7 9. cxd5 exd5 10. Nd3 Qe8 11. Bf4 Be7 12. f3 Nh5 13. Bd2 Bd6 14. e4 fxe4 15. fxe4 Rxf1+ 16. Qxf1 dxe4 17. Nxe4 Be7 18. Re1 Qf7 19. Bf3 Bf6 20. Ng5 Bxg5 21. Bd5 cxd5 22. Qxf7+ Kxf7 23. Bxg5 Nhf6 24. Rc1 h6 25. Bf4 g5 26. Bd2 0-1

[Event "Berlin Christmas op 1st"]
[Site "Berlin"]
[Date "2004.??.??"]
[Round "6"]
[White "Mueller, Reinhard"]
[Black "Suchin, Dimitry"]
[Result "0-1"]
[WhiteElo "2023"]
[BlackElo "2168"]
[PlyCount "82"]
[EventDate "2004.12.??"]
[EventType "swiss"]
[EventRounds "7"]
[EventCountry "GER"]
[SourceTitle "EXT 2007"]
[Source "ChessBase"]
[SourceDate "2006.11.23"]
[SourceVersion "1"]
[SourceVersionDate "2006.11.23"]
[SourceQuality "1"]

1. d4 Nf6 2. Bg5 d5 3. Bxf6 exf6 4. e3 Be6 5. Nd2 Be7 6. Bd3 0-0 7. Ne2 Nd7 8. Nf4 c5 9. c3 c4 10. Bc2 b5 11. 0-0 Nb6 12. Qh5 g6 13. Nxg6 fxg6 14. Bxg6 Rf7 15. Bxf7+ Bxf7 16. Qg4+ Kh8 17. f4 Na4 18. Rab1 b4 19. cxb4 Bxb4 20. Nf3 Qe7 21. Kh1 Rg8 22. Qh4 Bg6 23. a3 Bxb1 24. Rxb1 Ba5 25. h3 Bd8 26. Qf2 Re8 27. Re1 Qe4 28. Qd2 a5 29. Qf2 Qd3 30. Re2 Re6 31. Ne1 Qe4 32. Qh4 Rb6 33. Qh6 Be7 34. Qh5 Nxb2 35. Nc2 Nd3 36. h4 Rb1+ 37. Kh2 a4 38. Qf7 Nxf4 39. Rf2 Ng6 40. Qe8+ Kg7 41. Kg3 Bd6+ 0-1

[Event "Dortmund op-A"]
[Site "Dortmund"]
[Date "2003.08.10"]
[Round "9"]
[White "Litwak, Aleksej"]
[Black "Mueller, Reinhard"]
[Result "1-0"]
[WhiteElo "2168"]
[BlackElo "2043"]
[PlyCount "93"]
[EventDate "2003.08.01"]
[EventType "swiss"]
[EventRounds "9"]
[EventCountry "GER"]
[SourceTitle "CBM 095 Extra"]
[Source "ChessBase"]
[SourceDate "2003.09.04"]
[SourceVersion "1"]
[SourceVersionDate "2003.09.04"]
[SourceQuality "1"]

1. e4 e6 2. d4 d5 3. Nd2 Nf6 4. e5 Nfd7 5. Bd3 c5 6. c3 Nc6 7. Ne2 cxd4 8. cxd4 Qb6 9. Nf3 f6 10. exf6 Nxf6 11. 0-0 Bd6 12. b3 0-0 13. Bf4 Bxf4 14. Nxf4 Ne4 15. Ne2 Kh8 16. Bxe4 dxe4 17. Ng5 e5 18. dxe5 Nxe5 19. Qd4 Qa6 20. Qxe4 Bf5 21. Qxe5 Rae8 22. Nf7+ Kg8 23. Qxf5 Rxf7 24. Qd5 Qxe2 25. a4 Re5 26. Qd4 b6 27. Rac1 Rfe7 28. g3 g6 29. Rc8+ Kg7 30. Rfc1 Kh6 31. Qf4+ g5 32. Qf6+ Kh5 33. Rg8 Qd2 34. g4+ Kh4 35. Qh6+ Kxg4 36. Rc4+ Re4 37. h3+ Kf3 38. Qh5+ g4 39. Qf5+ Qf4 40. Rc3+ Ke2 41. Qb5+ Ke1 42. Qf1+ Kd2 43. Qc1+ Ke2 44. Rc2+ Kf3 45. Qd1+ Re2 46. Rc3+ R7e3 47. Rxe3+ 1-0

[Event "Dortmund op-A"]
[Site "Dortmund"]
[Date "2003.08.06"]
[Round "5"]
[White "Mueller, Reinhard"]
[Black "Beutelhoff, Josef"]
[Result "0-1"]
[WhiteElo "2043"]
[BlackElo "2174"]
[PlyCount "102"]
[EventDate "2003.08.01"]
[EventType "swiss"]
[EventRounds "9"]
[EventCountry "GER"]
[SourceTitle "CBM 095 Extra"]
[Source "ChessBase"]
[SourceDate "2003.09.04"]
[SourceVersion "1"]
[SourceVersionDate "2003.09.04"]
[SourceQuality "1"]

1. e4 c5 2. Nf3 d6 3. d4 cxd4 4. Nxd4 Nf6 5. Nc3 a6 6. f4 Qc7 7. a4 b6 8. Bd3 Bb7 9. 0-0 e6 10. Qe2 Nbd7 11. Bd2 Be7 12. Rae1 Nc5 13. Nf3 0-0 14. Ng5 Nfd7 15. Rf3 h6 16. Nh3 Rfe8 17. Rg3 Nxd3 18. Qg4 g6 19. cxd3 Kh7 20. Nf2 Rg8 21. e5 d5 22. Rh3 Bf8 23. d4 Rh8 24. Rc1 Rc8 25. Ne2 Qd8 26. Rxc8 Bxc8 27. f5 exf5 28. Qf4 Qe7 29. Nd3 Bg7 30. Bb4 Qe6 31. Bd6 h5 32. Qf3 Bb7 33. Nef4 Qe8 34. Nb4 Qc8 35. Qf1 Qc4 36. Qd1 Bxe5 37. dxe5 Qxf4 38. Rf3 Qe4 39. Nd3 d4 40. Nf2 Qd5 41. Nd3 Nc5 42. Nf4 Qe4 43. Qf1 Ne6 44. Nxh5 gxh5 45. Rxf5 Ng7 46. Rxf7 Bd5 47. Rf3 Rc8 48. Bf8 Rc7 49. Qd1 Rf7 50. Bxg7 Rxf3 51. gxf3 Qe3+ 0-1

[Event "Dortmund op-A"]
[Site "Dortmund"]
[Date "2003.08.04"]
[Round "4"]
[White "Rohde, Torsten"]
[Black "Mueller, Reinhard"]
[Result "0-1"]
[WhiteElo "2144"]
[BlackElo "2043"]
[PlyCount "59"]
[EventDate "2003.08.01"]
[EventType "swiss"]
[EventRounds "9"]
[EventCountry "GER"]
[SourceTitle "CBM 095 Extra"]
[Source "ChessBase"]
[SourceDate "2003.09.04"]
[SourceVersion "1"]
[SourceVersionDate "2003.09.04"]
[SourceQuality "1"]

1. e4 e6 2. d4 d5 3. Nd2 Nf6 4. e5 Nfd7 5. f4 c5 6. Ngf3 Nc6 7. Bd3 Qb6 8. c4 cxd4 9. cxd5 Nb4 10. Nc4 Qc5 11. dxe6 fxe6 12. Ng5 Nxd3+ 13. Qxd3 Qd5 14. Ne4 Nc5 15. Nxc5 Bxc5 16. 0-0 0-0 17. b3 Bd7 18. a4 Bc6 19. Qh3 b5 20. Na5 d3+ 21. Kh1 Be8 22. Bd2 bxa4 23. Rf3 axb3 24. Nxb3 Qxb3 25. Rxd3 Qb6 26. Ba5 Qb2 27. Bc3 Qe2 28. Re1 Rxf4 29. Rdd1 Qg4 30. Qd3 0-1

[Event "Berlin Unicorn op"]
[Site "Berlin"]
[Date "2003.05.31"]
[Round "6"]
[White "Mueller, Reinhard"]
[Black "Brauer, Christian E"]
[Result "1/2-1/2"]
[WhiteElo "2047"]
[BlackElo "2171"]
[PlyCount "37"]
[EventDate "2003.05.28"]
[EventType "swiss"]
[EventRounds "7"]
[EventCountry "GER"]
[SourceTitle "CBM 094 Extra"]
[Source "ChessBase"]
[SourceDate "2003.07.09"]
[SourceVersion "2"]
[SourceVersionDate "2003.07.09"]
[SourceQuality "1"]

1. e4 e6 2. d4 d5 3. Nd2 Nf6 4. e5 Nfd7 5. c3 c5 6. Bd3 b6 7. Qe2 a5 8. Nh3 Ba6 9. Bxa6 Nxa6 10. 0-0 Be7 11. Qg4 g6 12. Nf3 h6 13. Bd2 b5 14. Ne1 c4 15. Nf4 Nf8 16. Nc2 b4 17. Bc1 Rb8 18. Bd2 Nc7 19. Rfb1 1/2-1/2

[Event "Oberliga Nord O 0203"]
[Site "Germany"]
[Date "2002.11.17"]
[Round "2.8"]
[White "Suchin, Dimitry"]
[Black "Mueller, Reinhard"]
[Result "1-0"]
[WhiteElo "2043"]
[BlackElo "2047"]
[PlyCount "83"]
[EventDate "2002.10.20"]
[EventType "team"]
[EventRounds "9"]
[EventCountry "GER"]
[SourceTitle "EXT 2009"]
[Source "ChessBase"]
[SourceDate "2008.11.26"]
[SourceVersion "1"]
[SourceVersionDate "2008.11.26"]
[SourceQuality "1"]
[WhiteTeam "Koenig Tegel"]
[BlackTeam "Lasker Steglitz"]
[WhiteTeamCountry "GER"]
[BlackTeamCountry "GER"]

1. e4 e6 2. d4 d5 3. Nd2 Nf6 4. e5 Nfd7 5. f4 c5 6. c3 Nc6 7. Ndf3 cxd4 8. cxd4 Qb6 9. g3 Be7 10. Bh3 0-0 11. Ne2 f6 12. Bxe6+ Kh8 13. exf6 Nxf6 14. Bxc8 Raxc8 15. 0-0 Ne4 16. Qb3 Qxb3 17. axb3 a6 18. Nc3 Nb4 19. Bd2 Nxd2 20. Nxd2 Bf6 21. Nf3 Nc2 22. Ra4 b5 23. Rxa6 Nxd4 24. Nd2 Rfe8 25. Kg2 Nf5 26. Kh3 Bxc3 27. bxc3 Rxc3 28. Rb6 Rd3 29. Rf2 h5 30. Rxb5 h4 31. Nf1 Re6 32. Rd2 Rxd2 33. Nxd2 hxg3 34. hxg3 Ne3 35. g4 Rc6 36. Nf3 Rc3 37. Rb8+ Kh7 38. Kg3 Nc2 39. Kf2 d4 40. f5 Ne3 41. Ng5+ Kh6 42. Nf7+ 1-0